Normal view
MARC view
- Educación y empleo
Entry Materia
001 - NÚMERO DE CONTROL DEL REGISTRO
- campo de control: 53962
003 - IDENTIFICADOR DE NUMERO DE CONTROL
- campo de control: MX-MxUPN
005 - FECHA Y HORA DE LA ÚLTIMA TRANSACCIÓN
- campo de control: 20241008154613.0
008 - DATOS DE LONGITUD FIJA
- campo de control de longitud fija: 241008dn fnnnnbabd | ana d
040 ## - FUENTE DE LA CATALOGACIÓN
- Centro catalogador de origen: MX-MxUPN
- Lengua de catalogación: spa
150 ## - ENCABEZAMIENTO - TEMÁTICO
- Término de materia o nombre geográfico como elemento inicial: Educación y empleo
- Subdivisión geográfica: Sudán
670 ## - FUENTE EN LA QUE SE LOCALIZARON DATOS
- Cita de la fuente: Autoridades BGTQ, 8 octubre 2024 :
- Información localizada: (Educación y empleo -- Sudan)
902 ## - CATALOGADOR
- Catalogador: VíctorGodínez/081024
